Statistics for Быстрое сложение

Click here to take the quiz!

General Stats

  • This quiz has been taken 685 times
  • The average score is 16 of 20

Answer Stats

задачарешение% Correct
15 + 85100
100%
13 + 87100
100%
6 + 95101
100%
19 + 82101
100%
5 + 96101
100%
16 + 85101
100%
11 + 91102
100%
18 + 84102
100%
1 + 102103
100%
10 + 93103
100%
3 + 100103
100%
7 + 96103
100%
4 + 100104
100%
27 + 77104
100%
33 + 72105
100%
8 + 97105
100%
1 + 105106
100%
4 + 103107
100%
35 + 72107
100%
2 + 105107
100%
9 + 98107
100%
23 + 84107
100%
11 + 96107
100%
20 + 88108
100%
46 + 62108
100%
6 + 102108
100%
31 + 78109
100%
39 + 70109
100%
32 + 77109
100%
5 + 104109
100%
4 + 711
100%
3 + 811
100%
5 + 105110
100%
22 + 88110
100%
9 + 101110
100%
41 + 69110
100%
2 + 109111
100%
8 + 104112
100%
39 + 74113
100%
26 + 87113
100%
7 + 106113
100%
3 + 110113
100%
6 + 108114
100%
4 + 110114
100%
12 + 103115
100%
2 + 113115
100%
27 + 88115
100%
11 + 105116
100%
58 + 58116
100%
13 + 103116
100%
4 + 113117
100%
7 + 110117
100%
2 + 115117
100%
44 + 73117
100%
2 + 116118
100%
15 + 103118
100%
40 + 79119
100%
14 + 105119
100%
7 + 112119
100%
9 + 110119
100%
5 + 114119
100%
7 + 113120
100%
3 + 117120
100%
29 + 91120
100%
33 + 87120
100%
19 + 102121
100%
16 + 105121
100%
6 + 115121
100%
2 + 119121
100%
31 + 90121
100%
14 + 108122
100%
25 + 97122
100%
3 + 119122
100%
2 + 121123
100%
3 + 120123
100%
9 + 115124
100%
19 + 105124
100%
35 + 91126
100%
3 + 123126
100%
2 + 124126
100%
6 + 121127
100%
7 + 120127
100%
7 + 122129
100%
30 + 99129
100%
29 + 100129
100%
23 + 106129
100%
1 + 128129
100%
1 + 129130
100%
28 + 102130
100%
3 + 128131
100%
11 + 120131
100%
9 + 122131
100%
8 + 123131
100%
4 + 127131
100%
2 + 130132
100%
64 + 68132
100%
4 + 128132
100%
48 + 85133
100%
5 + 128133
100%
27 + 108135
100%
43 + 92135
100%
21 + 115136
100%
5 + 131136
100%
8 + 128136
100%
14 + 122136
100%
32 + 105137
100%
3 + 134137
100%
59 + 78137
100%
4 + 133137
100%
6 + 131137
100%
16 + 121137
100%
7 + 131138
100%
6 + 132138
100%
11 + 128139
100%
19 + 120139
100%
7 + 714
100%
1 + 1314
100%
4 + 136140
100%
18 + 122140
100%
46 + 95141
100%
9 + 133142
100%
7 + 135142
100%
4 + 138142
100%
37 + 106143
100%
5 + 138143
100%
2 + 142144
100%
70 + 74144
100%
3 + 141144
100%
12 + 132144
100%
7 + 137144
100%
13 + 132145
100%
33 + 112145
100%
41 + 104145
100%
12 + 134146
100%
1 + 145146
100%
8 + 138146
100%
14 + 133147
100%
25 + 122147
100%
1 + 147148
100%
49 + 99148
100%
8 + 140148
100%
7 + 141148
100%
5 + 144149
100%
8 + 141149
100%
16 + 133149
100%
7 + 142149
100%
5 + 1015
100%
3 + 147150
100%
20 + 130150
100%
9 + 141150
100%
5 + 145150
100%
39 + 111150
100%
64 + 87151
100%
10 + 142152
100%
44 + 108152
100%
5 + 147152
100%
2 + 152154
100%
21 + 133154
100%
31 + 123154
100%
29 + 126155
100%
30 + 125155
100%
39 + 116155
100%
48 + 107155
100%
41 + 114155
100%
3 + 153156
100%
5 + 151156
100%
15 + 141156
100%
13 + 144157
100%
14 + 143157
100%
62 + 95157
100%
16 + 141157
100%
17 + 140157
100%
4 + 153157
100%
40 + 118158
100%
11 + 147158
100%
1 + 157158
100%
20 + 138158
100%
8 + 150158
100%
31 + 128159
100%
3 + 156159
100%
4 + 155159
100%
26 + 133159
100%
2 + 1416
100%
44 + 116160
100%
60 + 100160
100%
19 + 141160
100%
24 + 136160
100%
2 + 158160
100%
51 + 110161
100%
2 + 159161
100%
16 + 146162
100%
65 + 97162
100%
63 + 100163
100%
25 + 139164
100%
55 + 109164
100%
42 + 122164
100%
8 + 156164
100%
22 + 142164
100%
11 + 154165
100%
58 + 107165
100%
16 + 150166
100%
66 + 100166
100%
9 + 157166
100%
10 + 156166
100%
1 + 166167
100%
53 + 114167
100%
13 + 155168
100%
23 + 145168
100%
6 + 162168
100%
9 + 160169
100%
33 + 137170
100%
10 + 160170
100%
6 + 165171
100%
76 + 95171
100%
22 + 149171
100%
3 + 168171
100%
1 + 171172
100%
18 + 154172
100%
21 + 152173
100%
4 + 169173
100%
72 + 101173
100%
26 + 148174
100%
37 + 137174
100%
7 + 167174
100%
67 + 107174
100%
63 + 112175
100%
7 + 169176
100%
8 + 168176
100%
3 + 173176
100%
3 + 174177
100%
20 + 157177
100%
2 + 176178
100%
39 + 140179
100%
6 + 173179
100%
4 + 175179
100%
72 + 108180
100%
58 + 122180
100%
46 + 134180
100%
11 + 169180
100%
5 + 176181
100%
14 + 167181
100%
58 + 123181
100%
1 + 181182
100%
10 + 172182
100%
33 + 150183
100%
27 + 156183
100%
6 + 177183
100%
9 + 174183
100%
48 + 135183
100%
19 + 165184
100%
8 + 176184
100%
1 + 183184
100%
29 + 155184
100%
16 + 169185
100%
36 + 149185
100%
7 + 178185
100%
49 + 137186
100%
4 + 182186
100%
85 + 101186
100%
43 + 144187
100%
50 + 137187
100%
21 + 166187
100%
15 + 172187
100%
24 + 163187
100%
52 + 136188
100%
37 + 151188
100%
2 + 186188
100%
6 + 182188
100%
7 + 181188
100%
3 + 185188
100%
31 + 158189
100%
5 + 184189
100%
10 + 179189
100%
12 + 177189
100%
1 + 1819
100%
18 + 172190
100%
1 + 189190
100%
15 + 176191
100%
17 + 174191
100%
38 + 154192
100%
48 + 145193
100%
72 + 121193
100%
4 + 189193
100%
10 + 183193
100%
4 + 190194
100%
59 + 135194
100%
5 + 190195
100%
61 + 134195
100%
71 + 124195
100%
7 + 189196
100%
40 + 156196
100%
17 + 179196
100%
37 + 159196
100%
3 + 194197
100%
34 + 163197
100%
9 + 188197
100%
2 + 196198
100%
11 + 187198
100%
57 + 142199
100%
83 + 116199
100%
3 + 196199
100%
97 + 102199
100%
4 + 1620
100%
6 + 1420
100%
45 + 155200
100%
44 + 156200
100%
62 + 138200
100%
22 + 178200
100%
14 + 187201
100%
9 + 192201
100%
1 + 200201
100%
71 + 130201
100%
3 + 198201
100%
16 + 185201
100%
7 + 195202
100%
4 + 198202
100%
33 + 169202
100%
5 + 198203
100%
16 + 187203
100%
6 + 197203
100%
8 + 195203
100%
51 + 152203
100%
21 + 183204
100%
9 + 196205
100%
60 + 145205
100%
2 + 203205
100%
3 + 202205
100%
27 + 178205
100%
31 + 175206
100%
65 + 141206
100%
55 + 151206
100%
12 + 195207
100%
49 + 159208
100%
2 + 206208
100%
5 + 203208
100%
77 + 131208
100%
20 + 188208
100%
3 + 205208
100%
18 + 190208
100%
17 + 191208
100%
63 + 146209
100%
4 + 205209
100%
2 + 207209
100%
1 + 209210
100%
3 + 207210
100%
10 + 201211
100%
49 + 162211
100%
6 + 205211
100%
81 + 131212
100%
64 + 148212
100%
50 + 162212
100%
7 + 206213
100%
2 + 211213
100%
9 + 205214
100%
74 + 140214
100%
55 + 160215
100%
20 + 195215
100%
42 + 173215
100%
7 + 209216
100%
14 + 202216
100%
45 + 171216
100%
50 + 167217
100%
58 + 159217
100%
16 + 201217
100%
10 + 207217
100%
19 + 199218
100%
2 + 216218
100%
3 + 215218
100%
18 + 200218
100%
11 + 207218
100%
5 + 213218
100%
29 + 190219
100%
1 + 218219
100%
9 + 1322
100%
2 + 2022
100%
11 + 1122
100%
62 + 158220
100%
1 + 220221
100%
6 + 215221
100%
8 + 214222
100%
17 + 205222
100%
81 + 141222
100%
9 + 213222
100%
7 + 215222
100%
23 + 200223
100%
9 + 214223
100%
44 + 179223
100%
24 + 199223
100%
2 + 221223
100%
32 + 192224
100%
50 + 174224
100%
26 + 199225
100%
3 + 222225
100%
4 + 221225
100%
6 + 219225
100%
25 + 200225
100%
27 + 199226
100%
17 + 210227
100%
74 + 154228
100%
2 + 226228
100%
23 + 205228
100%
4 + 224228
100%
3 + 225228
100%
7 + 221228
100%
28 + 200228
100%
5 + 223228
100%
21 + 208229
100%
15 + 214229
100%
16 + 213229
100%
6 + 1723
100%
3 + 2023
100%
11 + 219230
100%
18 + 212230
100%
92 + 138230
100%
27 + 203230
100%
8 + 222230
100%
1 + 229230
100%
5 + 226231
100%
1 + 230231
100%
33 + 198231
100%
36 + 195231
100%
29 + 203232
100%
9 + 224233
100%
3 + 230233
100%
91 + 143234
100%
32 + 202234
100%
54 + 180234
100%
6 + 228234
100%
30 + 205235
100%
9 + 226235
100%
23 + 212235
100%
6 + 229235
100%
22 + 213235
100%
80 + 155235
100%
40 + 195235
100%
99 + 136235
100%
12 + 224236
100%
25 + 211236
100%
84 + 152236
100%
37 + 199236
100%
5 + 232237
100%
6 + 231237
100%
8 + 229237
100%
107 + 130237
100%
2 + 236238
100%
1 + 237238
100%
7 + 231238
100%
8 + 230238
100%
9 + 229238
100%
13 + 225238
100%
4 + 234238
100%
70 + 168238
100%
19 + 221240
100%
85 + 155240
100%
3 + 237240
100%
36 + 205241
100%
109 + 132241
100%
24 + 217241
100%
2 + 240242
100%
7 + 235242
100%
48 + 195243
100%
11 + 232243
100%
9 + 234243
100%
5 + 238243
100%
107 + 137244
100%
13 + 232245
100%
25 + 220245
100%
7 + 239246
100%
56 + 190246
100%
55 + 191246
100%
22 + 225247
100%
2 + 245247
100%
18 + 229247
100%
5 + 243248
100%
2 + 246248
100%
3 + 245248
100%
4 + 244248
100%
77 + 172249
100%
12 + 237249
100%
21 + 229250
100%
74 + 176250
100%
33 + 217250
100%
47 + 204251
100%
19 + 232251
100%
9 + 242251
100%
11 + 241252
100%
61 + 192253
100%
28 + 225253
100%
2 + 251253
100%
8 + 246254
100%
7 + 247254
100%
100 + 155255
100%
37 + 218255
100%
10 + 245255
100%
33 + 223256
100%
5 + 251256
100%
36 + 220256
100%
4 + 252256
100%
2 + 254256
100%
1 + 256257
100%
3 + 254257
100%
86 + 172258
100%
55 + 203258
100%
3 + 255258
100%
48 + 210258
100%
83 + 176259
100%
4 + 255259
100%
66 + 193259
100%
2 + 2426
100%
11 + 1526
100%
13 + 247260
100%
5 + 256261
100%
1 + 260261
100%
4 + 257261
100%
9 + 252261
100%
35 + 227262
100%
34 + 228262
100%
11 + 252263
100%
39 + 224263
100%
6 + 257263
100%
7 + 257264
100%
2 + 262264
100%
1 + 263264
100%
8 + 256264
100%
16 + 249265
100%
3 + 263266
100%
13 + 253266
100%
36 + 231267
100%
2 + 265267
100%
88 + 179267
100%
7 + 260267
100%
42 + 225267
100%
15 + 253268
100%
27 + 241268
100%
24 + 245269
100%
60 + 210270
100%
37 + 233270
100%
5 + 265270
100%
4 + 267271
100%
4 + 268272
100%
6 + 267273
100%
31 + 242273
100%
23 + 250273
100%
30 + 244274
100%
2 + 272274
100%
1 + 273274
100%
28 + 246274
100%
18 + 256274
100%
33 + 242275
100%
34 + 241275
100%
65 + 210275
100%
48 + 228276
100%
3 + 273276
100%
7 + 269276
100%
69 + 207276
100%
4 + 273277
100%
33 + 244277
100%
30 + 247277
100%
5 + 272277
100%
25 + 252277
100%
21 + 257278
100%
9 + 269278
100%
49 + 229278
100%
28 + 251279
100%
1 + 278279
100%
5 + 2328
100%
5 + 275280
100%
14 + 266280
100%
4 + 276280
100%
106 + 174280
100%
3 + 277280
100%
80 + 200280
100%
17 + 264281
100%
15 + 267282
100%
5 + 277282
100%
12 + 270282
100%
101 + 181282
100%
8 + 275283
100%
67 + 216283
100%
40 + 243283
100%
121 + 162283
100%
9 + 275284
100%
6 + 278284
100%
3 + 281284
100%
44 + 240284
100%
41 + 243284
100%
25 + 259284
100%
45 + 239284
100%
9 + 276285
100%
7 + 279286
100%
31 + 255286
100%
78 + 208286
100%
64 + 223287
100%
8 + 279287
100%
2 + 286288
100%
3 + 285288
100%
11 + 277288
100%
7 + 281288
100%
5 + 283288
100%
6 + 283289
100%
4 + 285289
100%
27 + 262289
100%
81 + 208289
100%
59 + 230289
100%
15 + 274289
100%
1 + 2829
100%
98 + 192290
100%
18 + 273291
100%
1 + 290291
100%
2 + 289291
100%
4 + 287291
100%
37 + 255292
100%
111 + 181292
100%
53 + 239292
100%
5 + 288293
100%
9 + 284293
100%
74 + 219293
100%
11 + 282293
100%
35 + 259294
100%
14 + 280294
100%
22 + 273295
100%
108 + 187295
100%
15 + 280295
100%
13 + 282295
100%
13 + 283296
100%
60 + 236296
100%
19 + 278297
100%
3 + 294297
100%
57 + 240297
100%
33 + 264297
100%
98 + 200298
100%
11 + 287298
100%
67 + 231298
100%
2 + 297299
100%
8 + 2230
100%
3 + 297300
100%
17 + 283300
100%
35 + 265300
100%
1 + 299300
100%
22 + 278300
100%
7 + 293300
100%
24 + 276300
100%
9 + 291300
100%
4 + 297301
100%
9 + 292301
100%
12 + 290302
100%
69 + 234303
100%
117 + 186303
100%
79 + 224303
100%
3 + 300303
100%
1 + 303304
100%
23 + 281304
100%
8 + 296304
100%
128 + 176304
100%
131 + 174305
100%
25 + 280305
100%
86 + 220306
100%
9 + 297306
100%
83 + 223306
100%
14 + 293307
100%
26 + 282308
100%
1 + 307308
100%
28 + 281309
100%
12 + 297309
100%
91 + 218309
100%
4 + 2731
100%
3 + 2831
100%
9 + 301310
100%
30 + 280310
100%
31 + 279310
100%
7 + 303310
100%
4 + 306310
100%
1 + 309310
100%
42 + 268310
100%
13 + 297310
100%
5 + 306311
100%
3 + 308311
100%
10 + 301311
100%
16 + 296312
100%
3 + 309312
100%
4 + 308312
100%
11 + 301312
100%
54 + 258312
100%
38 + 274312
100%
77 + 236313
100%
23 + 290313
100%
70 + 243313
100%
82 + 232314
100%
8 + 306314
100%
9 + 305314
100%
11 + 303314
100%
11 + 304315
100%
13 + 302315
100%
33 + 283316
100%
18 + 299317
100%
117 + 200317
100%
9 + 308317
100%
151 + 167318
100%
2 + 316318
100%
20 + 298318
100%
15 + 303318
100%
3 + 2932
100%
11 + 309320
100%
49 + 272321
100%
58 + 264322
100%
7 + 315322
100%
1 + 321322
100%
151 + 171322
100%
2 + 320322
100%
5 + 317322
100%
58 + 265323
100%
6 + 317323
100%
19 + 305324
100%
3 + 321324
100%
103 + 221324
100%
32 + 293325
100%
45 + 280325
100%
1 + 324325
100%
44 + 281325
100%
27 + 299326
100%
34 + 292326
100%
1 + 325326
100%
2 + 324326
100%
4 + 323327
100%
6 + 321327
100%
25 + 302327
100%
10 + 318328
100%
1 + 327328
100%
56 + 273329
100%
13 + 316329
100%
2 + 3133
100%
9 + 2433
100%
7 + 323330
100%
9 + 321330
100%
140 + 190330
100%
113 + 217330
100%
16 + 314330
100%
28 + 302330
100%
129 + 201330
100%
65 + 266331
100%
20 + 311331
100%
2 + 329331
100%
9 + 322331
100%
1 + 333334
100%
3 + 331334
100%
7 + 328335
100%
26 + 309335
100%
38 + 298336
100%
22 + 314336
100%
14 + 322336
100%
13 + 323336
100%
18 + 318336
100%
137 + 199336
100%
68 + 268336
100%
4 + 333337
100%
10 + 327337
100%
52 + 285337
100%
26 + 311337
100%
1 + 337338
100%
58 + 281339
100%
134 + 205339
100%
91 + 248339
100%
37 + 302339
100%
4 + 335339
100%
12 + 327339
100%
5 + 2934
100%
11 + 329340
100%
39 + 301340
100%
142 + 198340
100%
46 + 294340
100%
72 + 270342
100%
44 + 299343
100%
30 + 314344
100%
115 + 230345
100%
6 + 339345
100%
4 + 341345
100%
5 + 340345
100%
8 + 337345
100%
63 + 282345
100%
9 + 337346
100%
1 + 345346
100%
86 + 260346
100%
43 + 304347
100%
2 + 345347
100%
6 + 342348
100%
7 + 341348
100%
53 + 295348
100%
110 + 238348
100%
3 + 345348
100%
9 + 340349
100%
1 + 348349
100%
9 + 2635
100%
10 + 2535
100%
4 + 3135
100%
19 + 331350
100%
16 + 334350
100%
25 + 325350
100%
98 + 252350
100%
2 + 349351
100%
122 + 229351
100%
57 + 294351
100%
79 + 272351
100%
170 + 182352
100%
51 + 301352
100%
50 + 302352
100%
37 + 315352
100%
8 + 345353
100%
150 + 203353
100%
160 + 193353
100%
13 + 340353
100%
97 + 257354
100%
64 + 290354
100%
27 + 327354
100%
5 + 350355
100%
29 + 326355
100%
15 + 341356
100%
2 + 354356
100%
11 + 345356
100%
16 + 341357
100%
37 + 321358
100%
6 + 352358
100%
21 + 337358
100%
7 + 351358
100%
12 + 347359
100%
31 + 328359
100%
14 + 345359
100%
41 + 319360
100%
106 + 254360
100%
8 + 352360
100%
65 + 295360
100%
1 + 360361
100%
43 + 318361
100%
10 + 352362
100%
36 + 326362
100%
132 + 230362
100%
21 + 341362
100%
39 + 323362
100%
7 + 355362
100%
54 + 310364
100%
4 + 360364
100%
6 + 358364
100%
2 + 362364
100%
58 + 307365
100%
55 + 310365
100%
70 + 295365
100%
22 + 344366
100%
4 + 362366
100%
38 + 328366
100%
67 + 299366
100%
6 + 360366
100%
12 + 354366
100%
41 + 326367
100%
37 + 330367
100%
5 + 362367
100%
25 + 343368
100%
10 + 359369
100%
16 + 353369
100%
49 + 320369
100%
1 + 3637
100%
8 + 2937
100%
55 + 315370
100%
61 + 309370
100%
30 + 341371
100%
1 + 370371
100%
69 + 302371
100%
53 + 318371
100%
31 + 340371
100%
101 + 270371
100%
60 + 312372
100%
4 + 368372
100%
88 + 284372
100%
11 + 361372
100%
24 + 349373
100%
13 + 360373
100%
7 + 366373
100%
155 + 218373
100%
45 + 329374
100%
2 + 372374
100%
135 + 239374
100%
4 + 371375
100%
45 + 330375
100%
104 + 271375
100%
28 + 348376
100%
133 + 243376
100%
23 + 353376
100%
7 + 370377
100%
2 + 375377
100%
43 + 334377
100%
174 + 203377
100%
17 + 361378
100%
15 + 364379
100%
3 + 376379
100%
30 + 349379
100%
77 + 302379
100%
173 + 206379
100%
10 + 369379
100%
5 + 374379
100%
76 + 306382
100%
1 + 381382
100%
21 + 361382
100%
13 + 369382
100%
22 + 361383
100%
69 + 314383
100%
7 + 376383
100%
5 + 379384
100%
60 + 324384
100%
2 + 382384
100%
12 + 373385
100%
113 + 272385
100%
33 + 353386
100%
109 + 277386
100%
2 + 385387
100%
151 + 236387
100%
5 + 382387
100%
5 + 383388
100%
6 + 382388
100%
3 + 385388
100%
20 + 368388
100%
31 + 357388
100%
68 + 321389
100%
8 + 381389
100%
1 + 388389
100%
186 + 204390
100%
23 + 367390
100%
18 + 372390
100%
48 + 342390
100%
20 + 371391
100%
4 + 387391
100%
44 + 348392
100%
40 + 352392
100%
19 + 373392
100%
13 + 380393
100%
72 + 321393
100%
62 + 331393
100%
5 + 388393
100%
4 + 390394
100%
11 + 383394
100%
2 + 392394
100%
38 + 357395
100%
92 + 303395
100%
56 + 339395
100%
63 + 334397
100%
107 + 290397
100%
8 + 390398
100%
138 + 260398
100%
15 + 383398
100%
10 + 388398
100%
155 + 243398
100%
58 + 340398
100%
51 + 347398
100%
6 + 392398
100%
91 + 307398
100%
26 + 372398
100%
47 + 351398
100%
41 + 358399
100%
139 + 260399
100%
9 + 390399
100%
2 + 24
100%
3 + 3740
100%
10 + 3040
100%
5 + 3540
100%
119 + 281400
100%
80 + 320400
100%
21 + 379400
100%
72 + 328400
100%
3 + 397400
100%
31 + 369400
100%
104 + 296400
100%
19 + 382401
100%
24 + 378402
100%
83 + 319402
100%
4 + 399403
100%
6 + 397403
100%
118 + 286404
100%
175 + 229404
100%
2 + 402404
100%
97 + 307404
100%
10 + 394404
100%
29 + 375404
100%
12 + 393405
100%
10 + 395405
100%
35 + 370405
100%
64 + 341405
100%
37 + 369406
100%
124 + 282406
100%
10 + 396406
100%
152 + 254406
100%
13 + 393406
100%
94 + 313407
100%
54 + 353407
100%
22 + 385407
100%
4 + 403407
100%
139 + 268407
100%
1 + 407408
100%
18 + 390408
100%
3 + 405408
100%
9 + 399408
100%
8 + 400408
100%
60 + 349409
100%
179 + 230409
100%
33 + 376409
100%
16 + 2541
100%
6 + 3541
100%
3 + 407410
100%
24 + 386410
100%
116 + 294410
100%
1 + 409410
100%
16 + 395411
100%
81 + 330411
100%
120 + 292412
100%
6 + 406412
100%
36 + 376412
100%
7 + 405412
100%
32 + 381413
100%
8 + 406414
100%
6 + 408414
100%
2 + 412414
100%
80 + 334414
100%
66 + 348414
100%
7 + 408415
100%
192 + 223415
100%
6 + 409415
100%
18 + 397415
100%
1 + 414415
100%
147 + 269416
100%
1 + 415416
100%
9 + 407416
100%
128 + 289417
100%
103 + 314417
100%
15 + 402417
100%
115 + 302417
100%
14 + 404418
100%
105 + 313418
100%
18 + 400418
100%
16 + 402418
100%
9 + 410419
100%
5 + 3742
100%
11 + 3142
100%
9 + 3342
100%
3 + 417420
100%
6 + 414420
100%
30 + 390420
100%
5 + 415420
100%
15 + 405420
100%
19 + 402421
100%
20 + 401421
100%
26 + 395421
100%
46 + 376422
100%
118 + 305423
100%
165 + 258423
100%
14 + 409423
100%
10 + 413423
100%
122 + 301423
100%
42 + 381423
100%
7 + 417424
100%
168 + 257425
100%
1 + 424425
100%
24 + 401425
100%
16 + 409425
100%
18 + 408426
100%
11 + 415426
100%
4 + 423427
100%
38 + 389427
100%
6 + 421427
100%
23 + 404427
100%
204 + 225429
100%
29 + 400429
100%
6 + 423429
100%
176 + 253429
100%
1 + 428429
100%
17 + 412429
100%
2 + 4143
100%
4 + 3943
100%
8 + 422430
100%
19 + 411430
100%
2 + 429431
100%
6 + 425431
100%
5 + 427432
100%
84 + 348432
100%
161 + 271432
100%
27 + 405432
100%
7 + 426433
100%
8 + 425433
100%
44 + 389433
100%
134 + 299433
100%
1 + 432433
100%
117 + 317434
100%
21 + 413434
100%
74 + 360434
100%
4 + 431435
100%
6 + 430436
100%
54 + 382436
100%
7 + 430437
100%
21 + 416437
100%
25 + 412437
100%
3 + 434437
100%
153 + 285438
100%
23 + 415438
100%
32 + 406438
100%
15 + 423438
100%
17 + 422439
100%
3 + 4144
100%
31 + 409440
100%
1 + 439440
100%
18 + 422440
100%
48 + 392440
100%
9 + 432441
100%
2 + 439441
100%
10 + 431441
100%
121 + 320441
100%
70 + 371441
100%
8 + 435443
100%
12 + 431443
100%
155 + 288443
100%
13 + 430443
100%
27 + 417444
100%
8 + 436444
100%
142 + 302444
100%
26 + 418444
100%
9 + 436445
100%
117 + 328445
100%
75 + 370445
100%
113 + 333446
100%
163 + 283446
100%
5 + 441446
100%
180 + 266446
100%
7 + 439446
100%
7 + 440447
100%
56 + 391447
100%
69 + 379448
100%
30 + 418448
100%
1 + 447448
100%
81 + 368449
100%
88 + 362450
100%
11 + 439450
100%
7 + 444451
100%
18 + 433451
100%
130 + 322452
100%
13 + 440453
100%
30 + 423453
100%
31 + 422453
100%
29 + 424453
100%
64 + 389453
100%
17 + 437454
100%
45 + 409454
100%
9 + 445454
100%
5 + 450455
100%
9 + 446455
100%
23 + 432455
100%
3 + 452455
100%
24 + 431455
100%
13 + 443456
100%
57 + 399456
100%
7 + 449456
100%
4 + 453457
100%
6 + 451457
100%
7 + 451458
100%
24 + 434458
100%
30 + 428458
100%
53 + 405458
100%
121 + 337458
100%
17 + 441458
100%
59 + 400459
100%
7 + 452459
100%
11 + 3546
100%
8 + 3846
100%
1 + 4546
100%
2 + 4446
100%
25 + 435460
100%
6 + 454460
100%
2 + 459461
100%
6 + 455461
100%
78 + 383461
100%
20 + 441461
100%
115 + 346461
100%
8 + 454462
100%
9 + 453462
100%
5 + 457462
100%
136 + 326462
100%
59 + 404463
100%
20 + 443463
100%
44 + 419463
100%
52 + 411463
100%
8 + 456464
100%
32 + 432464
100%
101 + 363464
100%
197 + 268465
100%
80 + 385465
100%
160 + 306466
100%
1 + 465466
100%
154 + 312466
100%
22 + 444466
100%
82 + 384466
100%
149 + 317466
100%
28 + 439467
100%
46 + 421467
100%
214 + 253467
100%
7 + 460467
100%
64 + 403467
100%
14 + 454468
100%
29 + 439468
100%
26 + 442468
100%
2 + 466468
100%
179 + 289468
100%
38 + 431469
100%
19 + 450469
100%
84 + 386470
100%
107 + 363470
100%
8 + 462470
100%
113 + 358471
100%
31 + 440471
100%
85 + 387472
100%
65 + 408473
100%
67 + 406473
100%
15 + 458473
100%
37 + 437474
100%
156 + 318474
100%
27 + 447474
100%
22 + 452474
100%
17 + 458475
100%
1 + 475476
100%
66 + 410476
100%
16 + 460476
100%
7 + 470477
100%
201 + 276477
100%
170 + 307477
100%
10 + 467477
100%
19 + 459478
100%
77 + 401478
100%
110 + 368478
100%
60 + 418478
100%
2 + 476478
100%
40 + 439479
100%
9 + 470479
100%
5 + 4348
100%
3 + 4548
100%
2 + 4648
100%
21 + 459480
100%
5 + 475480
100%
47 + 433480
100%
8 + 472480
100%
29 + 452481
100%
2 + 479481
100%
90 + 392482
100%
121 + 361482
100%
3 + 479482
100%
53 + 429482
100%
75 + 408483
100%
14 + 469483
100%
101 + 382483
100%
51 + 432483
100%
49 + 435484
100%
97 + 387484
100%
72 + 412484
100%
143 + 342485
100%
11 + 474485
100%
219 + 266485
100%
18 + 467485
100%
2 + 483485
100%
12 + 473485
100%
1 + 485486
100%
4 + 482486
100%
9 + 477486
100%
15 + 472487
100%
24 + 463487
100%
8 + 479487
100%
169 + 318487
100%
235 + 252487
100%
20 + 468488
100%
25 + 463488
100%
40 + 448488
100%
92 + 397489
100%
23 + 466489
100%
103 + 386489
100%
9 + 480489
100%
39 + 450489
100%
1 + 489490
100%
7 + 483490
100%
6 + 484490
100%
2 + 488490
100%
5 + 485490
100%
34 + 457491
100%
1 + 491492
100%
12 + 480492
100%
10 + 482492
100%
20 + 472492
100%
20 + 473493
100%
132 + 361493
100%
8 + 486494
100%
84 + 411495
100%
6 + 490496
100%
4 + 492496
100%
105 + 391496
100%
236 + 260496
100%
5 + 492497
100%
8 + 489497
100%
11 + 487498
100%
2 + 496498
100%
59 + 439498
100%
69 + 430499
100%
1 + 498499
100%
6 + 4450
100%
17 + 3350
100%
9 + 4150
100%
27 + 473500
100%
46 + 454500
100%
4 + 496500
100%
38 + 462500
100%
20 + 480500
100%
19 + 482501
100%
10 + 491501
100%
14 + 488502
100%
3 + 499502
100%
12 + 491503
100%
90 + 413503
100%
148 + 355503
100%
29 + 474503
100%
24 + 480504
100%
3 + 501504
100%
150 + 354504
100%
2 + 502504
100%
103 + 402505
100%
111 + 394505
100%
6 + 499505
100%
39 + 467506
100%
8 + 498506
100%
13 + 493506
100%
25 + 482507
100%
9 + 498507
100%
61 + 447508
100%
177 + 332509
100%
108 + 401509
100%
8 + 501509
100%
70 + 439509
100%
16 + 3551
100%
33 + 477510
100%
16 + 494510
100%
17 + 493510
100%
4 + 506510
100%
137 + 373510
100%
147 + 363510
100%
23 + 488511
100%
6 + 505511
100%
47 + 464511
100%
3 + 508511
100%
214 + 298512
100%
25 + 487512
100%
26 + 486512
100%
11 + 502513
100%
112 + 402514
100%
1 + 513514
100%
5 + 509514
100%
176 + 339515
100%
6 + 509515
100%
135 + 381516
100%
104 + 412516
100%
26 + 490516
100%
100 + 416516
100%
29 + 488517
100%
8 + 509517
100%
9 + 508517
100%
3 + 515518
100%
36 + 482518
100%
14 + 505519
100%
22 + 497519
100%
4 + 515519
100%
11 + 4152
100%
9 + 4352
100%
18 + 3452
100%
250 + 270520
100%
3 + 517520
100%
218 + 303521
100%
5 + 516521
100%
15 + 507522
100%
12 + 510522
100%
10 + 513523
100%
71 + 452523
100%
24 + 499523
100%
5 + 519524
100%
1 + 523524
100%
2 + 523525
100%
35 + 490525
100%
42 + 483525
100%
60 + 465525
100%
8 + 517525
100%
65 + 460525
100%
165 + 360525
100%
62 + 463525
100%
242 + 284526
100%
34 + 492526
100%
51 + 475526
100%
70 + 457527
100%
8 + 519527
100%
5 + 522527
100%
13 + 515528
100%
31 + 497528
100%
3 + 525528
100%
5 + 523528
100%
49 + 479528
100%
7 + 522529
100%
3 + 526529
100%
27 + 502529
100%
22 + 3153
100%
8 + 4553
100%
32 + 498530
100%
60 + 471531
100%
1 + 530531
100%
27 + 504531
100%
99 + 432531
100%
10 + 521531
100%
154 + 378532
100%
32 + 500532
100%
19 + 513532
100%
84 + 449533
100%
4 + 529533
100%
2 + 531533
100%
33 + 500533
100%
184 + 350534
100%
1 + 533534
100%
33 + 502535
100%
20 + 515535
100%
67 + 468535
100%
9 + 527536
100%
67 + 469536
100%
23 + 513536
100%
8 + 528536
100%
51 + 485536
100%
13 + 524537
100%
8 + 529537
100%
231 + 306537
100%
6 + 531537
100%
7 + 530537
100%
258 + 281539
100%
7 + 532539
100%
29 + 510539
100%
23 + 516539
100%
5 + 4954
100%
10 + 4454
100%
9 + 531540
100%
4 + 536540
100%
170 + 370540
100%
12 + 528540
100%
1 + 539540
100%
19 + 521540
100%
8 + 533541
100%
3 + 538541
100%
2 + 539541
100%
73 + 468541
100%
48 + 493541
100%
24 + 518542
100%
49 + 493542
100%
16 + 526542
100%
22 + 521543
100%
124 + 420544
100%
13 + 531544
100%
150 + 394544
100%
30 + 514544
100%
128 + 416544
100%
144 + 400544
100%
31 + 514545
100%
2 + 543545
100%
85 + 460545
100%
8 + 537545
100%
226 + 319545
100%
189 + 356545
100%
22 + 524546
100%
21 + 525546
100%
18 + 529547
100%
7 + 540547
100%
35 + 512547
100%
36 + 511547
100%
5 + 542547
100%
1 + 547548
100%
27 + 521548
100%
11 + 537548
100%
6 + 542548
100%
9 + 539548
100%
234 + 315549
100%
19 + 530549
100%
20 + 529549
100%
4 + 545549
100%
29 + 520549
100%
3 + 5255
100%
1 + 5455
100%
107 + 444551
100%
79 + 472551
100%
5 + 546551
100%
139 + 413552
100%
44 + 508552
100%
42 + 511553
100%
119 + 434553
100%
145 + 408553
100%
3 + 551554
100%
205 + 349554
100%
113 + 441554
100%
7 + 547554
100%
145 + 409554
100%
1 + 553554
100%
14 + 541555
100%
48 + 507555
100%
93 + 462555
100%
47 + 508555
100%
6 + 549555
100%
8 + 548556
100%
7 + 549556
100%
256 + 300556
100%
9 + 548557
100%
115 + 442557
100%
57 + 500557
100%
87 + 471558
100%
95 + 463558
100%
11 + 547558
100%
61 + 497558
100%
46 + 512558
100%
25 + 533558
100%
4 + 555559
100%
12 + 547559
100%
81 + 478559
100%
59 + 500559
100%
2 + 557559
100%
7 + 4956
100%
18 + 3856
100%
4 + 5256
100%
272 + 288560
100%
5 + 555560
100%
36 + 524560
100%
117 + 443560
100%
19 + 541560
100%
32 + 529561
100%
146 + 415561
100%
16 + 545561
100%
121 + 440561
100%
13 + 548561
100%
9 + 553562
100%
40 + 522562
100%
183 + 380563
100%
1 + 562563
100%
55 + 509564
100%
144 + 420564
100%
7 + 558565
100%
6 + 559565
100%
42 + 523565
100%
36 + 529565
100%
10 + 555565
100%
30 + 535565
100%
3 + 562565
100%
5 + 561566
100%
45 + 521566
100%
226 + 341567
100%
23 + 544567
100%
27 + 540567
100%
184 + 383567
100%
2 + 565567
100%
35 + 533568
100%
207 + 361568
100%
88 + 480568
100%
4 + 564568
100%
154 + 414568
100%
22 + 546568
100%
5 + 564569
100%
24 + 545569
100%
97 + 472569
100%
9 + 4857
100%
1 + 569570
100%
46 + 524570
100%
113 + 458571
100%
232 + 339571
100%
1 + 570571
100%
33 + 538571
100%
62 + 510572
100%
10 + 562572
100%
7 + 565572
100%
4 + 569573
100%
3 + 570573
100%
28 + 545573
100%
80 + 494574
100%
6 + 568574
100%
1 + 573574
100%
7 + 567574
100%
14 + 560574
100%
9 + 565574
100%
4 + 570574
100%
12 + 563575
100%
8 + 567575
100%
4 + 571575
100%
13 + 563576
100%
11 + 565576
100%
36 + 541577
100%
164 + 413577
100%
2 + 575577
100%
34 + 544578
100%
21 + 557578
100%
258 + 320578
100%
5 + 573578
100%
4 + 5458
100%
16 + 564580
100%
143 + 437580
100%
89 + 492581
100%
2 + 579581
100%
22 + 559581
100%
38 + 543581
100%
15 + 567582
100%
8 + 574582
100%
221 + 361582
100%
31 + 551582
100%
3 + 580583
100%
65 + 518583
100%
1 + 582583
100%
261 + 322583
100%
7 + 576583
100%
2 + 582584
100%
60 + 524584
100%
8 + 576584
100%
166 + 418584
100%
11 + 574585
100%
5 + 580585
100%
14 + 571585
100%
100 + 485585
100%
250 + 335585
100%
1 + 584585
100%
43 + 543586
100%
136 + 450586
100%
32 + 554586
100%
20 + 567587
100%
3 + 585588
100%
125 + 464589
100%
8 + 581589
100%
30 + 559589
100%
95 + 494589
100%
9 + 580589
100%
1 + 588589
100%
50 + 539589
100%
2 + 587589
100%
12 + 577589
100%
8 + 5159
100%
14 + 4559
100%
2 + 5759
100%
4 + 587591
100%
2 + 589591
100%
28 + 563591
100%
153 + 438591
100%
129 + 462591
100%
77 + 515592
100%
130 + 462592
100%
5 + 587592
100%
10 + 582592
100%
54 + 539593
100%
110 + 483593
100%
70 + 523593
100%
8 + 586594
100%
3 + 591594
100%
47 + 547594
100%
14 + 581595
100%
3 + 593596
100%
155 + 441596
100%
66 + 531597
100%
235 + 362597
100%
15 + 583598
100%
4 + 594598
100%
44 + 554598
100%
6 + 592598
100%
9 + 589598
100%
23 + 575598
100%
14 + 585599
100%
20 + 579599
100%
16 + 4460
100%
1 + 5960
100%
18 + 4260
100%
3 + 5760
100%
19 + 4160
100%
23 + 3861
100%
13 + 4861
100%
24 + 3862
100%
12 + 5062
100%
8 + 5462
100%
8 + 5563
100%
7 + 5764
100%
26 + 3864
100%
21 + 4364
100%
9 + 5665
100%
4 + 6165
100%
7 + 5966
100%
6 + 6167
100%
20 + 4767
100%
6 + 6268
100%
11 + 5768
100%
16 + 5369
100%
34 + 3569
100%
10 + 5969
100%
1 + 67
100%
1 + 6970
100%
3 + 6770
100%
7 + 6572
100%
32 + 4072
100%
8 + 6573
100%
12 + 6274
100%
8 + 6674
100%
5 + 6974
100%
6 + 6874
100%
4 + 7074
100%
9 + 6574
100%
3 + 7275
100%
24 + 5175
100%
2 + 7375
100%
19 + 5675
100%
34 + 4175
100%
27 + 4976
100%
22 + 5577
100%
18 + 5977
100%
29 + 4978
100%
3 + 7578
100%
28 + 5078
100%
15 + 6378
100%
14 + 6579
100%
5 + 7479
100%
19 + 6180
100%
1 + 7980
100%
5 + 7580
100%
9 + 7281
100%
2 + 8082
100%
1 + 8182
100%
29 + 5483
100%
16 + 6884
100%
6 + 7884
100%
42 + 4385
100%
14 + 7286
100%
3 + 8386
100%
32 + 5486
100%
11 + 7586
100%
4 + 8387
100%
1 + 8687
100%
12 + 7688
100%
3 + 8588
100%
9 + 8089
100%
5 + 8489
100%
1 + 89
100%
6 + 8490
100%
26 + 6490
100%
11 + 7990
100%
21 + 6990
100%
1 + 8990
100%
2 + 8991
100%
8 + 8492
100%
6 + 8692
100%
13 + 8093
100%
2 + 9193
100%
22 + 7193
100%
40 + 5393
100%
41 + 5394
100%
7 + 8794
100%
38 + 5694
100%
5 + 8994
100%
4 + 9094
100%
30 + 6595
100%
14 + 8195
100%
15 + 8196
100%
2 + 9597
100%
1 + 9697
100%
10 + 8797
100%
3 + 9598
100%
21 + 7798
100%
5 + 9398
100%
14 + 8599
100%
3 + 9699
100%
21 + 252273
90%
15 + 393408
90%
9 + 359368
89%
15 + 3146
89%
9 + 457466
89%
11 + 167178
88%
77 + 110187
88%
4 + 202206
88%
67 + 148215
88%
50 + 178228
88%
1 + 232233
88%
3 + 267270
88%
31 + 299330
88%
92 + 270362
88%
35 + 4277
88%
34 + 5892
88%
3 + 101104
86%
19 + 122141
86%
36 + 117153
86%
19 + 148167
86%
16 + 217233
86%
6 + 234240
86%
89 + 198287
86%
6 + 300306
86%
1 + 315316
86%
3 + 316319
86%
14 + 312326
86%
6 + 354360
86%
2 + 376378
86%
27 + 359386
86%
155 + 241396
86%
9 + 388397
86%
1 + 397398
86%
144 + 265409
86%
4 + 481485
86%
5 + 491496
86%
41 + 455496
86%
4 + 501505
86%
167 + 343510
86%
9 + 509518
86%
2 + 5153
86%
210 + 335545
86%
63 + 528591
86%
53 + 541594
86%
21 + 7192
86%
41 + 78119
83%
20 + 104124
83%
49 + 83132
83%
14 + 119133
83%
1 + 138139
83%
11 + 141152
83%
12 + 146158
83%
3 + 157160
83%
7 + 156163
83%
6 + 172178
83%
52 + 157209
83%
36 + 174210
83%
15 + 200215
83%
23 + 196219
83%
3 + 218221
83%
72 + 154226
83%
19 + 210229
83%
8 + 235243
83%
7 + 236243
83%
9 + 253262
83%
17 + 248265
83%
17 + 253270
83%
44 + 227271
83%
16 + 266282
83%
55 + 236291
83%
2 + 302304
83%
6 + 2531
83%
121 + 191312
83%
13 + 1932
83%
63 + 270333
83%
112 + 231343
83%
75 + 270345
83%
6 + 340346
83%
1 + 351352
83%
9 + 346355
83%
20 + 345365
83%
42 + 334376
83%
35 + 344379
83%
36 + 345381
83%
8 + 379387
83%
16 + 388404
83%
89 + 330419
83%
16 + 405421
83%
12 + 413425
83%
67 + 365432
83%
8 + 430438
83%
61 + 378439
83%
14 + 434448
83%
2 + 449451
83%
14 + 441455
83%
21 + 436457
83%
137 + 335472
83%
95 + 391486
83%
24 + 482506
83%
3 + 507510
83%
50 + 464514
83%
105 + 419524
83%
60 + 477537
83%
3 + 535538
83%
201 + 355556
83%
38 + 521559
83%
8 + 556564
83%
64 + 509573
83%
23 + 557580
83%
16 + 569585
83%
29 + 567596
83%
2 + 594596
83%
99 + 497596
83%
14 + 8296
83%
40 + 5999
83%
53 + 60113
80%
19 + 103122
80%
5 + 119124
80%
25 + 99124
80%
2 + 129131
80%
21 + 111132
80%
7 + 132139
80%
29 + 119148
80%
6 + 142148
80%
11 + 138149
80%
32 + 119151
80%
34 + 117151
80%
16 + 140156
80%
17 + 146163
80%
78 + 91169
80%
4 + 166170
80%
5 + 166171
80%
20 + 155175
80%
70 + 107177
80%
43 + 136179
80%
42 + 141183
80%
9 + 182191
80%
54 + 145199
80%
28 + 172200
80%
47 + 172219
80%
20 + 207227
80%
16 + 215231
80%
23 + 210233
80%
41 + 194235
80%
28 + 207235
80%
109 + 129238
80%
63 + 177240
80%
82 + 160242
80%
11 + 234245
80%
16 + 233249
80%
35 + 217252
80%
8 + 249257
80%
83 + 178261
80%
45 + 216261
80%
57 + 205262
80%
46 + 221267
80%
1 + 276277
80%
136 + 155291
80%
10 + 283293
80%
122 + 175297
80%
6 + 292298
80%
23 + 277300
80%
52 + 248300
80%
52 + 249301
80%
15 + 290305
80%
4 + 311315
80%
36 + 281317
80%
9 + 313322
80%
129 + 194323
80%
42 + 285327
80%
51 + 284335
80%
28 + 311339
80%
7 + 335342
80%
39 + 313352
80%
11 + 349360
80%
105 + 257362
80%
23 + 340363
80%
43 + 324367
80%
19 + 356375
80%
8 + 370378
80%
128 + 254382
80%
9 + 376385
80%
136 + 255391
80%
5 + 398403
80%
12 + 405417
80%
5 + 418423
80%
16 + 411427
80%
3 + 424427
80%
47 + 383430
80%
39 + 392431
80%
49 + 385434
80%
40 + 395435
80%
54 + 387441
80%
3 + 444447
80%
28 + 428456
80%
62 + 396458
80%
34 + 428462
80%
5 + 458463
80%
169 + 295464
80%
124 + 341465
80%
129 + 337466
80%
50 + 419469
80%
5 + 464469
80%
197 + 280477
80%
6 + 472478
80%
4 + 474478
80%
226 + 253479
80%
162 + 323485
80%
3 + 484487
80%
147 + 342489
80%
28 + 467495
80%
177 + 320497
80%
19 + 485504
80%
5 + 501506
80%
78 + 433511
80%
30 + 490520
80%
13 + 508521
80%
18 + 509527
80%
6 + 522528
80%
8 + 521529
80%
15 + 522537
80%
118 + 420538
80%
18 + 536554
80%
117 + 438555
80%
122 + 435557
80%
220 + 345565
80%
161 + 410571
80%
57 + 522579
80%
1 + 579580
80%
237 + 344581
80%
71 + 512583
80%
270 + 318588
80%
7 + 586593
80%
58 + 536594
80%
11 + 585596
80%
28 + 570598
80%
26 + 4369
80%
14 + 5670
80%
27 + 4572
80%
7 + 7279
80%
1 + 9394
80%
25 + 7095
80%
10 + 254264
78%
1 + 266267
78%
14 + 485499
78%
14 + 5165
78%
24 + 77101
75%
5 + 97102
75%
7 + 104111
75%
18 + 103121
75%
12 + 112124
75%
38 + 89127
75%
13 + 115128
75%
26 + 111137
75%
40 + 98138
75%
28 + 123151
75%
57 + 95152
75%
8 + 145153
75%
45 + 110155
75%
9 + 146155
75%
6 + 152158
75%
66 + 97163
75%
5 + 159164
75%
28 + 138166
75%
39 + 132171
75%
7 + 165172
75%
25 + 149174
75%
51 + 130181
75%
13 + 172185
75%
18 + 170188
75%
84 + 109193
75%
55 + 141196
75%
1 + 195196
75%
6 + 192198
75%
5 + 1520
75%
15 + 186201
75%
19 + 186205
75%
7 + 198205
75%
4 + 211215
75%
17 + 200217
75%
4 + 1822
75%
5 + 1722
75%
38 + 205243
75%
14 + 231245
75%
17 + 229246
75%
39 + 208247
75%
20 + 227247
75%
26 + 222248
75%
35 + 215250
75%
40 + 216256
75%
15 + 241256
75%
27 + 229256
75%
25 + 233258
75%
29 + 229258
75%
3 + 2326
75%
14 + 249263
75%
120 + 146266
75%
5 + 2227
75%
61 + 209270
75%
3 + 271274
75%
2 + 276278
75%
7 + 278285
75%
8 + 287295
75%
104 + 192296
75%
92 + 205297
75%
7 + 294301
75%
46 + 255301
75%
12 + 289301
75%
61 + 246307
75%
94 + 216310
75%
5 + 308313
75%
90 + 223313
75%
6 + 308314
75%
6 + 311317
75%
23 + 294317
75%
82 + 239321
75%
4 + 321325
75%
65 + 264329
75%
143 + 189332
75%
8 + 324332
75%
19 + 314333
75%
59 + 279338
75%
9 + 330339
75%
111 + 229340
75%
48 + 298346
75%
107 + 240347
75%
29 + 319348
75%
95 + 253348
75%
149 + 206355
75%
38 + 317355
75%
3 + 354357
75%
26 + 332358
75%
9 + 350359
75%
153 + 208361
75%
4 + 358362
75%
17 + 345362
75%
19 + 346365
75%
3 + 364367
75%
8 + 360368
75%
6 + 363369
75%
74 + 295369
75%
26 + 350376
75%
6 + 370376
75%
126 + 250376
75%
91 + 286377
75%
52 + 326378
75%
11 + 367378
75%
108 + 275383
75%
29 + 354383
75%
36 + 347383
75%
7 + 381388
75%
30 + 358388
75%
17 + 372389
75%
99 + 290389
75%
74 + 316390
75%
57 + 341398
75%
32 + 369401
75%
28 + 375403
75%
7 + 396403
75%
153 + 252405
75%
3 + 404407
75%
158 + 250408
75%
156 + 253409
75%
75 + 335410
75%
5 + 409414
75%
58 + 358416
75%
4 + 413417
75%
98 + 326424
75%
9 + 416425
75%
109 + 317426
75%
38 + 391429
75%
55 + 375430
75%
87 + 349436
75%
97 + 340437
75%
19 + 419438
75%
16 + 423439
75%
5 + 434439
75%
20 + 421441
75%
106 + 335441
75%
100 + 344444
75%
6 + 438444
75%
166 + 278444
75%
22 + 423445
75%
46 + 400446
75%
33 + 415448
75%
6 + 447453
75%
8 + 445453
75%
86 + 369455
75%
23 + 434457
75%
70 + 388458
75%
4 + 454458
75%
13 + 448461
75%
68 + 394462
75%
97 + 366463
75%
11 + 454465
75%
23 + 443466
75%
138 + 328466
75%
16 + 452468
75%
98 + 370468
75%
5 + 467472
75%
102 + 371473
75%
187 + 289476
75%
41 + 438479
75%
10 + 3848
75%
8 + 4048
75%
36 + 444480
75%
7 + 473480
75%
58 + 426484
75%
45 + 443488
75%
79 + 410489
75%
190 + 303493
75%
19 + 476495
75%
26 + 471497
75%
58 + 440498
75%
104 + 395499
75%
7 + 493500
75%
55 + 446501
75%
48 + 458506
75%
54 + 454508
75%
141 + 368509
75%
26 + 483509
75%
164 + 349513
75%
2 + 511513
75%
50 + 466516
75%
4 + 514518
75%
20 + 498518
75%
6 + 513519
75%
7 + 514521
75%
217 + 308525
75%
85 + 441526
75%
1 + 527528
75%
16 + 512528
75%
83 + 447530
75%
81 + 449530
75%
17 + 514531
75%
74 + 459533
75%
52 + 484536
75%
1 + 536537
75%
26 + 513539
75%
14 + 525539
75%
98 + 442540
75%
8 + 535543
75%
39 + 507546
75%
3 + 544547
75%
51 + 498549
75%
10 + 541551
75%
5 + 548553
75%
170 + 385555
75%
115 + 441556
75%
14 + 543557
75%
25 + 532557
75%
230 + 328558
75%
56 + 503559
75%
28 + 531559
75%
53 + 508561
75%
192 + 373565
75%
69 + 496565
75%
15 + 551566
75%
12 + 554566
75%
17 + 550567
75%
211 + 357568
75%
84 + 485569
75%
215 + 355570
75%
168 + 402570
75%
52 + 520572
75%
43 + 531574
75%
51 + 523574
75%
269 + 310579
75%
20 + 559579
75%
69 + 514583
75%
208 + 375583
75%
52 + 532584
75%
6 + 579585
75%
37 + 552589
75%
42 + 548590
75%
6 + 584590
75%
54 + 540594
75%
8 + 589597
75%
33 + 565598
75%
90 + 509599
75%
8 + 6775
75%
4 + 7478
75%
8 + 7583
75%
7 + 7784
75%
19 + 6786
75%
3 + 9093
75%
3 + 460463
73%
35 + 68103
71%
46 + 67113
71%
61 + 78139
71%
4 + 163167
71%
75 + 126201
71%
46 + 200246
71%
6 + 255261
71%
2 + 312314
71%
21 + 315336
71%
54 + 286340
71%
102 + 388490
71%
99 + 393492
71%
9 + 489498
71%
31 + 479510
71%
157 + 401558
71%
67 + 499566
71%
19 + 553572
71%
25 + 558583
71%
87 + 509596
71%
7 + 5663
71%
8 + 94102
67%
12 + 93105
67%
53 + 55108
67%
10 + 108118
67%
21 + 98119
67%
1 + 120121
67%
22 + 102124
67%
4 + 123127
67%
24 + 107131
67%
45 + 89134
67%
17 + 122139
67%
31 + 111142
67%
47 + 96143
67%
4 + 148152
67%
8 + 146154
67%
30 + 129159
67%
50 + 110160
67%
52 + 110162
67%
3 + 162165
67%
56 + 110166
67%
6 + 164170
67%
9 + 164173
67%
25 + 150175
67%
26 + 153179
67%
1 + 179180
67%
86 + 95181
67%
54 + 129183
67%
5 + 181186
67%
58 + 129187
67%
28 + 165193
67%
47 + 146193
67%
8 + 188196
67%
23 + 174197
67%
69 + 134203
67%
77 + 126203
67%
24 + 181205
67%
11 + 196207
67%
30 + 177207
67%
2 + 205207
67%
6 + 202208
67%
73 + 138211
67%
43 + 168211
67%
35 + 180215
67%
58 + 161219
67%
13 + 207220
67%
41 + 181222
67%
26 + 197223
67%
8 + 219227
67%
41 + 186227
67%
79 + 151230
67%
14 + 218232
67%
111 + 124235
67%
19 + 218237
67%
51 + 186237
67%
59 + 182241
67%
32 + 209241
67%
6 + 240246
67%
84 + 162246
67%
45 + 203248
67%
108 + 142250
67%
6 + 250256
67%
15 + 243258
67%
51 + 209260
67%
52 + 209261
67%
36 + 227263
67%
49 + 214263
67%
22 + 243265
67%
12 + 257269
67%
6 + 263269
67%
24 + 246270
67%
36 + 235271
67%
8 + 264272
67%
24 + 249273
67%
105 + 168273
67%
6 + 271277
67%
28 + 252280
67%
62 + 218280
67%
13 + 268281
67%
82 + 202284
67%
114 + 170284
67%
26 + 258284
67%
18 + 267285
67%
60 + 228288
67%
34 + 254288
67%
4 + 288292
67%
142 + 151293
67%
39 + 258297
67%
75 + 224299
67%
71 + 229300
67%
149 + 152301
67%
150 + 155305
67%
2 + 304306
67%
32 + 274306
67%
93 + 213306
67%
126 + 182308
67%
7 + 302309
67%
50 + 263313
67%
3 + 311314
67%
17 + 299316
67%
5 + 311316
67%
44 + 277321
67%
101 + 221322
67%
27 + 295322
67%
27 + 298325
67%
116 + 211327
67%
24 + 304328
67%
160 + 172332
67%
36 + 297333
67%
4 + 330334
67%
5 + 330335
67%
6 + 329335
67%
20 + 317337
67%
15 + 322337
67%
77 + 265342
67%
35 + 312347
67%
4 + 348352
67%
16 + 338354
67%
91 + 264355
67%
107 + 251358
67%
32 + 328360
67%
131 + 229360
67%
60 + 302362
67%
11 + 356367
67%
47 + 323370
67%
9 + 361370
67%
3 + 367370
67%
7 + 364371
67%
97 + 277374
67%
24 + 350374
67%
14 + 364378
67%
114 + 266380
67%
86 + 297383
67%
16 + 370386
67%
67 + 322389
67%
84 + 307391
67%
4 + 388392
67%
133 + 260393
67%
78 + 315393
67%
37 + 357394
67%
48 + 347395
67%
185 + 210395
67%
43 + 355398
67%
7 + 3340
67%
5 + 401406
67%
35 + 372407
67%
11 + 396407
67%
120 + 287407
67%
93 + 316409
67%
17 + 393410
67%
134 + 277411
67%
27 + 384411
67%
78 + 334412
67%
25 + 388413
67%
79 + 337416
67%
2 + 418420
67%
2 + 419421
67%
60 + 363423
67%
22 + 404426
67%
28 + 399427
67%
62 + 366428
67%
127 + 302429
67%
34 + 395429
67%
19 + 2443
67%
21 + 409430
67%
198 + 233431
67%
13 + 418431
67%
47 + 384431
67%
16 + 419435
67%
123 + 315438
67%
40 + 401441
67%
72 + 370442
67%
15 + 429444
67%
1 + 446447
67%
13 + 436449
67%
4 + 447451
67%
134 + 318452
67%
19 + 433452
67%
1 + 456457
67%
10 + 449459
67%
202 + 257459
67%
112 + 347459
67%
132 + 332464
67%
4 + 464468
67%
103 + 366469
67%
89 + 380469
67%
142 + 327469
67%
76 + 395471
67%
8 + 464472
67%
3 + 470473
67%
69 + 404473
67%
23 + 450473
67%
178 + 296474
67%
9 + 467476
67%
95 + 382477
67%
144 + 335479
67%
7 + 4148
67%
54 + 429483
67%
104 + 379483
67%
36 + 449485
67%
32 + 457489
67%
26 + 468494
67%
30 + 466496
67%
15 + 483498
67%
237 + 264501
67%
156 + 348504
67%
21 + 484505
67%
116 + 389505
67%
106 + 400506
67%
1 + 506507
67%
18 + 490508
67%
10 + 499509
67%
7 + 503510
67%
72 + 439511
67%
19 + 493512
67%
89 + 424513
67%
86 + 427513
67%
142 + 371513
67%
167 + 352519
67%
217 + 303520
67%
199 + 322521
67%
114 + 408522
67%
9 + 518527
67%
37 + 495532
67%
5 + 528533
67%
28 + 505533
67%
25 + 509534
67%
9 + 525534
67%
68 + 468536
67%
15 + 523538
67%
1 + 537538
67%
127 + 415542
67%
72 + 472544
67%
67 + 477544
67%
28 + 517545
67%
57 + 488545
67%
203 + 342545
67%
21 + 524545
67%
41 + 505546
67%
24 + 522546
67%
17 + 532549
67%
257 + 292549
67%
80 + 471551
67%
103 + 449552
67%
19 + 533552
67%
8 + 545553
67%
177 + 376553
67%
15 + 540555
67%
67 + 489556
67%
4 + 552556
67%
73 + 487560
67%
25 + 538563
67%
59 + 505564
67%
10 + 556566
67%
9 + 558567
67%
27 + 541568
67%
34 + 535569
67%
6 + 5157
67%
8 + 562570
67%
21 + 551572
67%
7 + 568575
67%
167 + 409576
67%
39 + 539578
67%
29 + 549578
67%
96 + 482578
67%
8 + 572580
67%
160 + 420580
67%
24 + 556580
67%
115 + 469584
67%
203 + 382585
67%
67 + 519586
67%
189 + 399588
67%
19 + 570589
67%
14 + 575589
67%
17 + 573590
67%
101 + 489590
67%
18 + 573591
67%
74 + 518592
67%
19 + 574593
67%
78 + 517595
67%
41 + 554595
67%
2 + 5961
67%
15 + 4762
67%
25 + 3863
67%
5 + 6267
67%
2 + 6668
67%
4 + 6872
67%
18 + 6583
67%
23 + 6184
67%
8 + 7987
67%
53 + 186239
64%
57 + 253310
63%
150 + 366516
63%
81 + 454535
63%
33 + 82115
60%
8 + 113121
60%
65 + 78143
60%
15 + 135150
60%
35 + 121156
60%
8 + 164172
60%
15 + 160175
60%
16 + 173189
60%
39 + 151190
60%
56 + 142198
60%
57 + 149206
60%
9 + 200209
60%
38 + 179217
60%
91 + 136227
60%
11 + 220231
60%
88 + 156244
60%
57 + 196253
60%
1 + 254255
60%
38 + 219257
60%
72 + 196268
60%
124 + 153277
60%
56 + 222278
60%
71 + 207278
60%
97 + 183280
60%
52 + 239291
60%
78 + 218296
60%
127 + 179306
60%
19 + 287306
60%
119 + 193312
60%
28 + 290318
60%
123 + 196319
60%
78 + 251329
60%
5 + 325330
60%
45 + 295340
60%
8 + 334342
60%
53 + 289342
60%
69 + 277346
60%
166 + 186352
60%
28 + 324352
60%
10 + 346356
60%
24 + 332356
60%
34 + 323357
60%
134 + 228362
60%
82 + 283365
60%
32 + 345377
60%
28 + 352380
60%
34 + 357391
60%
73 + 339412
60%
82 + 338420
60%
93 + 332425
60%
45 + 383428
60%
11 + 428439
60%
7 + 437444
60%
96 + 352448
60%
12 + 439451
60%
16 + 437453
60%
19 + 448467
60%
110 + 357467
60%
42 + 426468
60%
104 + 365469
60%
3 + 491494
60%
75 + 423498
60%
22 + 476498
60%
182 + 317499
60%
96 + 407503
60%
52 + 452504
60%
7 + 504511
60%
181 + 342523
60%
50 + 486536
60%
5 + 535540
60%
177 + 374551
60%
3 + 552555
60%
38 + 525563
60%
248 + 351599
60%
18 + 126144
57%
43 + 281324
57%
23 + 382405
57%
59 + 365424
57%
164 + 267431
57%
172 + 337509
57%
13 + 578591
57%
20 + 83103
50%
51 + 54105
50%
17 + 95112
50%
1 + 114115
50%
8 + 115123
50%
4 + 120124
50%
34 + 94128
50%
42 + 88130
50%
43 + 88131
50%
9 + 126135
50%
49 + 86135
50%
15 + 121136
50%
22 + 115137
50%
5 + 133138
50%
3 + 1114
50%
50 + 106156
50%
7 + 152159
50%
18 + 143161
50%
9 + 154163
50%
30 + 136166
50%
59 + 114173
50%
9 + 173182
50%
27 + 157184
50%
3 + 181184
50%
32 + 158190
50%
93 + 98191
50%
8 + 186194
50%
32 + 164196
50%
26 + 171197
50%
17 + 183200
50%
46 + 154200
50%
64 + 139203
50%
66 + 139205
50%
19 + 188207
50%
18 + 191209
50%
84 + 126210
50%
48 + 170218
50%
43 + 176219
50%
42 + 183225
50%
93 + 136229
50%
89 + 141230
50%
31 + 203234
50%
57 + 177234
50%
75 + 164239
50%
101 + 141242
50%
2 + 241243
50%
23 + 221244
50%
19 + 229248
50%
7 + 242249
50%
90 + 159249
50%
39 + 213252
50%
8 + 248256
50%
43 + 216259
50%
79 + 181260
50%
125 + 135260
50%
19 + 244263
50%
38 + 228266
50%
85 + 183268
50%
95 + 174269
50%
74 + 196270
50%
26 + 244270
50%
9 + 263272
50%
38 + 235273
50%
20 + 254274
50%
50 + 225275
50%
10 + 267277
50%
27 + 250277
50%
47 + 231278
50%
11 + 267278
50%
29 + 251280
50%
19 + 262281
50%
12 + 275287
50%
65 + 225290
50%
20 + 271291
50%
7 + 287294
50%
34 + 260294
50%
28 + 266294
50%
63 + 232295
50%
16 + 280296
50%
43 + 255298
50%
44 + 254298
50%
116 + 182298
50%
47 + 254301
50%
76 + 226302
50%
21 + 285306
50%
18 + 288306
50%
29 + 277306
50%
103 + 204307
50%
23 + 289312
50%
37 + 277314
50%
27 + 290317
50%
41 + 277318
50%
87 + 233320
50%
8 + 314322
50%
62 + 263325
50%
39 + 288327
50%
12 + 317329
50%
4 + 328332
50%
17 + 315332
50%
79 + 258337
50%
140 + 199339
50%
33 + 307340
50%
2 + 338340
50%
56 + 285341
50%
1 + 342343
50%
85 + 258343
50%
88 + 256344
50%
145 + 199344
50%
18 + 327345
50%
18 + 328346
50%
100 + 246346
50%
90 + 259349
50%
7 + 2835
50%
55 + 298353
50%
66 + 291357
50%
18 + 340358
50%
46 + 315361
50%
93 + 269362
50%
14 + 348362
50%
48 + 317365
50%
17 + 348365
50%
8 + 358366
50%
9 + 362371
50%
176 + 195371
50%
19 + 352371
50%
5 + 366371
50%
18 + 354372
50%
59 + 314373
50%
38 + 339377
50%
125 + 252377
50%
89 + 288377
50%
1 + 379380
50%
5 + 377382
50%
39 + 343382
50%
27 + 356383
50%
8 + 375383
50%
8 + 376384
50%
6 + 379385
50%
140 + 246386
50%
38 + 349387
50%
9 + 379388
50%
4 + 386390
50%
130 + 262392
50%
45 + 348393
50%
15 + 378393
50%
7 + 387394
50%
58 + 339397
50%
25 + 372397
50%
13 + 388401
50%
18 + 383401
50%
9 + 393402
50%
18 + 385403
50%
16 + 389405
50%
137 + 269406
50%
9 + 398407
50%
125 + 285410
50%
53 + 357410
50%
49 + 365414
50%
177 + 239416
50%
97 + 321418
50%
2 + 417419
50%
8 + 412420
50%
165 + 255420
50%
37 + 385422
50%
52 + 372424
50%
24 + 402426
50%
48 + 379427
50%
12 + 3143
50%
134 + 296430
50%
43 + 388431
50%
99 + 333432
50%
9 + 424433
50%
19 + 414433
50%
8 + 426434
50%
78 + 357435
50%
163 + 273436
50%
28 + 409437
50%
146 + 295441
50%
197 + 244441
50%
4 + 439443
50%
135 + 308443
50%
35 + 409444
50%
36 + 410446
50%
9 + 439448
50%
90 + 358448
50%
26 + 427453
50%
15 + 439454
50%
51 + 403454
50%
37 + 420457
50%
63 + 395458
50%
4 + 4246
50%
93 + 368461
50%
131 + 332463
50%
216 + 249465
50%
58 + 408466
50%
43 + 426469
50%
228 + 242470
50%
1 + 469470
50%
228 + 243471
50%
6 + 465471
50%
12 + 459471
50%
126 + 346472
50%
39 + 433472
50%
186 + 286472
50%
36 + 438474
50%
55 + 419474
50%
13 + 465478
50%
44 + 437481
50%
183 + 298481
50%
67 + 415482
50%
35 + 447482
50%
6 + 477483
50%
68 + 416484
50%
123 + 362485
50%
13 + 473486
50%
89 + 397486
50%
71 + 418489
50%
17 + 472489
50%
17 + 474491
50%
43 + 449492
50%
171 + 323494
50%
7 + 488495
50%
36 + 461497
50%
238 + 260498
50%
32 + 468500
50%
76 + 427503
50%
18 + 486504
50%
209 + 296505
50%
249 + 258507
50%
56 + 451507
50%
93 + 414507
50%
48 + 459507
50%
235 + 273508
50%
113 + 399512
50%
152 + 362514
50%
109 + 406515
50%
35 + 480515
50%
17 + 501518
50%
2 + 517519
50%
53 + 466519
50%
19 + 3352
50%
25 + 495520
50%
11 + 509520
50%
80 + 440520
50%
77 + 444521
50%
181 + 341522
50%
133 + 391524
50%
16 + 508524
50%
44 + 481525
50%
195 + 331526
50%
63 + 464527
50%
46 + 481527
50%
244 + 285529
50%
2 + 527529
50%
34 + 496530
50%
140 + 392532
50%
39 + 494533
50%
35 + 499534
50%
125 + 409534
50%
151 + 384535
50%
222 + 313535
50%
120 + 417537
50%
5 + 532537
50%
93 + 444537
50%
38 + 499537
50%
196 + 343539
50%
43 + 497540
50%
91 + 449540
50%
74 + 467541
50%
48 + 495543
50%
191 + 354545
50%
34 + 512546
50%
95 + 455550
50%
139 + 412551
50%
42 + 509551
50%
178 + 374552
50%
37 + 516553
50%
248 + 306554
50%
2 + 553555
50%
132 + 424556
50%
228 + 330558
50%
26 + 533559
50%
75 + 485560
50%
227 + 333560
50%
69 + 493562
50%
17 + 546563
50%
255 + 309564
50%
89 + 475564
50%
54 + 512566
50%
19 + 547566
50%
22 + 545567
50%
271 + 297568
50%
35 + 535570
50%
49 + 522571
50%
156 + 415571
50%
3 + 568571
50%
83 + 489572
50%
94 + 478572
50%
18 + 555573
50%
73 + 503576
50%
109 + 469578
50%
172 + 406578
50%
105 + 474579
50%
222 + 359581
50%
26 + 555581
50%
162 + 420582
50%
259 + 324583
50%
17 + 566583
50%
260 + 323583
50%
85 + 498583
50%
58 + 526584
50%
230 + 355585
50%
169 + 417586
50%
231 + 355586
50%
234 + 353587
50%
119 + 473592
50%
27 + 569596
50%
1 + 596597
50%
32 + 567599
50%
102 + 497599
50%
21 + 4263
50%
5 + 5964
50%
16 + 5672
50%
2 + 68
50%
11 + 7283
50%
31 + 5889
50%
10 + 7989
50%
17 + 7693
50%
36 + 5894
50%
8 + 201209
43%
34 + 463497
43%
17 + 517534
43%
54 + 68122
40%
25 + 177202
40%
87 + 152239
40%
106 + 139245
40%
68 + 183251
40%
69 + 197266
40%
22 + 292314
40%
83 + 256339
40%
19 + 327346
40%
124 + 248372
40%
29 + 387416
40%
52 + 366418
40%
83 + 342425
40%
3 + 436439
40%
209 + 234443
40%
31 + 423454
40%
68 + 438506
40%
87 + 431518
40%
32 + 487519
40%
58 + 463521
40%
58 + 491549
40%
78 + 477555
40%
147 + 418565
40%
198 + 368566
40%
26 + 88114
38%
39 + 67106
33%
2 + 134136
33%
27 + 118145
33%
23 + 134157
33%
30 + 138168
33%
66 + 108174
33%
35 + 156191
33%
41 + 157198
33%
19 + 183202
33%
80 + 123203
33%
8 + 207215
33%
1 + 244245
33%
55 + 194249
33%
17 + 235252
33%
73 + 186259
33%
58 + 216274
33%
97 + 186283
33%
11 + 1829
33%
61 + 242303
33%
55 + 258313
33%
18 + 303321
33%
124 + 199323
33%
48 + 275323
33%
87 + 238325
33%
149 + 191340
33%
3 + 338341
33%
17 + 325342
33%
133 + 212345
33%
91 + 257348
33%
39 + 320359
33%
71 + 294365
33%
87 + 279366
33%
154 + 214368
33%
143 + 244387
33%
25 + 368393
33%
145 + 258403
33%
135 + 274409
33%
198 + 232430
33%
41 + 394435
33%
157 + 282439
33%
67 + 373440
33%
121 + 328449
33%
43 + 419462
33%
65 + 398463
33%
47 + 421468
33%
33 + 446479
33%
175 + 304479
33%
9 + 478487
33%
57 + 432489
33%
108 + 382490
33%
200 + 290490
33%
16 + 476492
33%
72 + 429501
33%
114 + 387501
33%
134 + 394528
33%
59 + 472531
33%
249 + 284533
33%
158 + 376534
33%
79 + 456535
33%
182 + 354536
33%
84 + 457541
33%
174 + 375549
33%
243 + 330573
33%
194 + 380574
33%
7 + 572579
33%
9 + 571580
33%
79 + 514593
33%
51 + 543594
33%
28 + 569597
33%
126 + 472598
33%
12 + 5466
33%
9 + 8897
33%
158 + 167325
29%
173 + 359532
29%
62 + 123185
25%
76 + 166242
25%
18 + 237255
25%
85 + 177262
25%
38 + 239277
25%
102 + 192294
25%
81 + 244325
25%
35 + 299334
25%
17 + 378395
25%
39 + 363402
25%
159 + 243402
25%
77 + 334411
25%
85 + 342427
25%
71 + 363434
25%
205 + 233438
25%
169 + 282451
25%
163 + 298461
25%
119 + 342461
25%
63 + 439502
25%
66 + 468534
25%
163 + 377540
25%
89 + 454543
25%
29 + 522551
25%
188 + 364552
25%
271 + 281552
25%
92 + 249341
20%
129 + 217346
20%
124 + 245369
20%
175 + 333508
20%
193 + 333526
20%
88 + 457545
20%
86 + 494580
20%
92 + 419511
17%
82 + 472554
17%
37 + 366403
14%
28 + 80108
0%
37 + 73110
0%
28 + 84112
0%
43 + 79122
0%
2 + 120122
0%
17 + 107124
0%
36 + 94130
0%
17 + 114131
0%
10 + 123133
0%
54 + 79133
0%
17 + 117134
0%
8 + 131139
0%
38 + 115153
0%
27 + 127154
0%
14 + 148162
0%
75 + 89164
0%
35 + 129164
0%
2 + 166168
0%
17 + 154171
0%
12 + 163175
0%
35 + 143178
0%
20 + 158178
0%
34 + 147181
0%
3 + 183186
0%
17 + 169186
0%
30 + 157187
0%
53 + 134187
0%
13 + 183196
0%
13 + 188201
0%
34 + 167201
0%
68 + 137205
0%
29 + 178207
0%
6 + 201207
0%
22 + 187209
0%
4 + 1721
0%
49 + 165214
0%
95 + 123218
0%
39 + 179218
0%
94 + 126220
0%
34 + 187221
0%
12 + 211223
0%
10 + 217227
0%
31 + 196227
0%
34 + 197231
0%
38 + 193231
0%
17 + 214231
0%
78 + 155233
0%
117 + 117234
0%
64 + 171235
0%
7 + 1724
0%
10 + 232242
0%
13 + 229242
0%
56 + 187243
0%
15 + 234249
0%
9 + 1625
0%
112 + 138250
0%
8 + 243251
0%
50 + 207257
0%
42 + 217259
0%
8 + 1826
0%
47 + 220267
0%
34 + 238272
0%
54 + 218272
0%
8 + 266274
0%
51 + 224275
0%
109 + 167276
0%
68 + 209277
0%
36 + 242278
0%
96 + 183279
0%
32 + 249281
0%
99 + 183282
0%
1 + 286287
0%
14 + 274288
0%
40 + 252292
0%
110 + 183293
0%
4 + 296300
0%
2 + 300302
0%
5 + 298303
0%
56 + 248304
0%
118 + 186304
0%
43 + 269312
0%
7 + 307314
0%
59 + 256315
0%
96 + 221317
0%
66 + 251317
0%
14 + 305319
0%
154 + 167321
0%
120 + 201321
0%
78 + 244322
0%
84 + 242326
0%
45 + 283328
0%
7 + 2633
0%
99 + 232331
0%
23 + 310333
0%
29 + 305334
0%
47 + 289336
0%
73 + 265338
0%
40 + 299339
0%
54 + 285339
0%
14 + 328342
0%
17 + 326343
0%
117 + 228345
0%
80 + 266346
0%
68 + 281349
0%
65 + 289354
0%
68 + 288356
0%
33 + 324357
0%
167 + 192359
0%
148 + 212360
0%
5 + 355360
0%
119 + 243362
0%
132 + 232364
0%
40 + 325365
0%
79 + 287366
0%
2 + 366368
0%
35 + 334369
0%
2 + 3537
0%
96 + 276372
0%
83 + 290373
0%
15 + 358373
0%
25 + 348373
0%
8 + 369377
0%
74 + 305379
0%
9 + 372381
0%
4 + 377381
0%
114 + 269383
0%
45 + 338383
0%
14 + 374388
0%
50 + 338388
0%
102 + 288390
0%
3 + 388391
0%
68 + 324392
0%
141 + 251392
0%
2 + 394396
0%
111 + 287398
0%
16 + 387403
0%
46 + 359405
0%
14 + 394408
0%
168 + 246414
0%
90 + 325415
0%
50 + 365415
0%
3 + 412415
0%
13 + 403416
0%
150 + 268418
0%
65 + 354419
0%
7 + 412419
0%
10 + 3242
0%
95 + 327422
0%
91 + 343434
0%
21 + 415436
0%
140 + 296436
0%
14 + 425439
0%
122 + 317439
0%
153 + 287440
0%
33 + 409442
0%
49 + 395444
0%
39 + 406445
0%
59 + 389448
0%
182 + 268450
0%
152 + 298450
0%
7 + 445452
0%
66 + 386452
0%
15 + 441456
0%
6 + 452458
0%
18 + 441459
0%
128 + 331459
0%
14 + 3246
0%
13 + 3346
0%
76 + 385461
0%
50 + 412462
0%
185 + 279464
0%
83 + 384467
0%
18 + 2947
0%
59 + 412471
0%
95 + 378473
0%
5 + 470475
0%
196 + 280476
0%
91 + 385476
0%
88 + 388476
0%
94 + 383477
0%
18 + 459477
0%
73 + 406479
0%
11 + 469480
0%
204 + 278482
0%
48 + 436484
0%
59 + 426485
0%
42 + 443485
0%
47 + 439486
0%
8 + 483491
0%
174 + 319493
0%
118 + 378496
0%
13 + 483496
0%
26 + 472498
0%
29 + 472501
0%
46 + 455501
0%
51 + 451502
0%
85 + 418503
0%
15 + 488503
0%
25 + 478503
0%
74 + 432506
0%
37 + 470507
0%
28 + 482510
0%
235 + 279514
0%
40 + 474514
0%
35 + 482517
0%
11 + 506517
0%
12 + 507519
0%
21 + 499520
0%
61 + 461522
0%
213 + 310523
0%
138 + 388526
0%
82 + 445527
0%
4 + 523527
0%
98 + 431529
0%
43 + 486529
0%
6 + 4753
0%
64 + 466530
0%
45 + 485530
0%
159 + 373532
0%
139 + 394533
0%
58 + 478536
0%
55 + 481536
0%
60 + 478538
0%
6 + 532538
0%
149 + 390539
0%
11 + 529540
0%
88 + 453541
0%
9 + 534543
0%
56 + 488544
0%
123 + 423546
0%
14 + 4155
0%
17 + 3855
0%
2 + 5355
0%
4 + 546550
0%
2 + 549551
0%
61 + 490551
0%
83 + 469552
0%
227 + 325552
0%
71 + 486557
0%
154 + 410564
0%
76 + 489565
0%
104 + 461565
0%
2 + 564566
0%
248 + 319567
0%
8 + 561569
0%
144 + 427571
0%
149 + 422571
0%
28 + 544572
0%
229 + 344573
0%
77 + 497574
0%
86 + 489575
0%
3 + 573576
0%
6 + 571577
0%
98 + 479577
0%
30 + 548578
0%
242 + 339581
0%
92 + 489581
0%
4 + 578582
0%
111 + 472583
0%
8 + 577585
0%
96 + 495591
0%
154 + 439593
0%
63 + 533596
0%
1 + 598599
0%
25 + 4166
0%
17 + 5168
0%
1 + 6768
0%
22 + 4870
0%
13 + 6073
0%
17 + 6784
0%
7 + 8491
0%
18 + 7391
0%
8 + 8795
0%
20 + 7696
0%
29 + 6796
0%
19 + 7998
0%

Score Distribution

Percentile by Number Answered

Percent of People with Each Score

Your Score History

You have not taken this quiz